00954nam a2200265 a 450000100060000000300080000600500170001400800410003102000280007203500200010004000260012004100080014608200280015410000270018224500670020926000330027630000270030950000200033665000740035665100340043085600420046494200120050699900170051895201530053563122BD-RjUL20211209081148.0170128s1989 mau b 001 0 eng d a0816187703 (alk. paper) a(BD-RjUL) 63250 aBD-RjULcBD-RjULbeng aeng00a 821.912223bGAC 1989 aGeorge, Gaston918781900aCritical essays on Dylan Thomas /c[selected by] Georg Gaston. aBoston :bG.K. Hall,cc1989. aviii, 197 p. ;c25 cm. aIncludes Index. 2Thomas, Dylan,aCriticism and interpretation.xIn literature.9187821 0aWalesxIn literature.9187822 3Critical essays on British literature 2ddccBK c63122d63122 00102ddc40718NFICaRUCLbRUCLcReadingd2009-06-03eAhashan mission, Dhakag29.16l0o821.912 GAC 1989r2017-01-28 00:00:00tC-1w2017-01-28yBK